Francouzština v podnikové a obchodní praxi

Salvato in:
Dettagli Bibliografici
Autore principale: Kozmová, Jana
Altri autori: Brouland, Pierre
Natura: Libro
Lingua:francese
ceco
Pubblicazione: Praha Ekopress 2005
Soggetti:
Tags: Aggiungi Tag
Nessun Tag, puoi essere il primo ad aggiungerne!!

MARC

LEADER 00000nam$a2200000$$$4500
001 0032949
005 20221207101052.9
020 |a 80-86119-15-7 
041 0 |a fre 
041 0 |a cze 
044 |a CZ 
245 1 0 |a Francouzština v podnikové a obchodní praxi  |c Jana Kozmová, Pierre Brouland 
264 1 |a Praha  |b Ekopress  |c 2005 
300 |a 258 s. 
610 2 0 |a jazykoveda 
610 2 0 |a terminológia 
610 2 0 |a jazyky cudzie 
610 2 0 |a podnik 
610 2 0 |a korešpondencia 
610 2 0 |a obchod 
100 1 |a Kozmová, Jana 
700 1 |a Brouland, Pierre